Statistics for Cinderella Songs on the Billboard Hot 100 (USA)

Click here to take the quiz!

General Stats

  • This quiz has been taken 19 times
  • The average score is 5 of 8

Answer Stats

Highest Chart Position, YearAnswer% Correct
51, 1989Gypsy Road
79%
13, 1987Nobody's Fool
79%
20, 1989Coming Home
57%
12, 1988Don't Know What You Got (Till It's Gone)
57%
44, 1991Heartbreak Station
50%
66, 1987Somebody Save Me
50%
36, 1991Shelter Me
43%
36, 1989The Last Mile
43%

Score Distribution

Percentile by Number Answered

Percent of People with Each Score

Your Score History

You have not taken this quiz